El hombre. La Tierra y la Historia. Curso de Geografía e Historia

Guardado en:
Detalles Bibliográficos
Autor principal: Sobrequés Vidal, S Autor, Catedrático de Enseñanza Media
Otros Autores: Vicens Vives, J Autor, Catedrático de Universidad
Formato: Desconocido
Lenguaje:español
Publicado: 1-Barcelona,España Editorial Teide 1950
Edición:2ª revisada
Catálogo:MANES:  Resultados de Búsqueda del Catálogo
Clasificación de libros de texto:
Etiquetas: Agregar Etiqueta
Sin Etiquetas, Sea el primero en etiquetar este registro!
Añadido a:2016-04-26

MARC

LEADER 000000000a22000000004500
001 14215
003 OSt
008 160427s sp ||||| |||| 00| 0 spa d
041 1 |a spa 
040 |c centro_manes 
691 0 |a SE 
100 1 |a Sobrequés Vidal, S  |b Autor, Catedrático de Enseñanza Media  |9 2932 
690 0 |a HI 
700 1 |a Vicens Vives, J  |b Autor, Catedrático de Universidad  |9 10064 
245 0 0 |a El hombre. La Tierra y la Historia. Curso de Geografía e Historia 
250 |a 2ª revisada 
260 3 |a 1-Barcelona,España  |b Editorial Teide  |c 1950 
300 |a 158 p.  |c 22 x 16 cm. 
500 |a La primera edición del libro está fechada en 1948. 
690 7 |a GEO 
942 |2 ddc  |c BK 
999 |c 20189  |d 20189 
999 |c manes:20189  |d 20189